Introduction to contemporary Japanese literature : Synopses of major works 1956-1970

Gardado en:
Detalles Bibliográficos
Formato: Libro
Idioma:Undetermined
Publicado: Tokyo Kokusai Bunka Shinkokai 1972
Những chủ đề:
Các nhãn: Engadir etiqueta
Sen Etiquetas, Sexa o primeiro en etiquetar este rexistro!
Thư viện lưu trữ: Trung tâm Học liệu Trường Đại học Cần Thơ
LEADER 00644nam a2200193Ia 4500
001 CTU_110111
008 210402s9999 xx 000 0 und d
082 |a 895.6092 
082 |b I.61 
245 0 |a Introduction to contemporary Japanese literature : 
245 0 |b Synopses of major works 1956-1970 
245 0 |c Edited by the Kokusai Bunka Shinkokai 
260 |a Tokyo 
260 |b Kokusai Bunka Shinkokai 
260 |c 1972 
650 |a Japanese literature,Authors, Japanese,Japanese literature 
650 |x Translations into English,History and criticism 
904 |i Minh 
980 |a Trung tâm Học liệu Trường Đại học Cần Thơ